ბათუმის შოთა რუსთაველის სახელმწიფო უნივერსიტეტის ბიბლიოთეკა

შუშანიკის წამება (ბიბ.ჩანაწერი № 48770)

000 -LEADER
fixed length control field 00916nam a2200205Ia 4500
001 - CONTROL NUMBER
control field 15671
003 - CONTROL NUMBER IDENTIFIER
control field GE_BSU
008 - FIXED-LENGTH DATA ELEMENTS--GENERAL INFORMATION
fixed length control field 181216s||||||||xx |||||||||||||| ||und||
040 ## - CATALOGING SOURCE
Transcribing agency GE_BSU
080 ## - UNIVERSAL DECIMAL CLASSIFICATION NUMBER
Universal Decimal Classification number 821.353.1(ჰაგიოგრ.)+ 821.353.1-97
100 ## - MAIN ENTRY--PERSONAL NAME
Personal name იაკობ ცურტაველი
245 ## - TITLE STATEMENT
Title შუშანიკის წამება
245 ## - TITLE STATEMENT
Statement of responsibility, etc. ტექსტი გამოსაც. მოამზადეს, ლექსიკონი და გამოკვლევა დაურთეს ზურაბ სარჯველაძემ და ელგუჯა გიუნაშვილმა] ; რედ.: ე. გაბიძაშვილი.
260 ## - PUBLICATION, DISTRIBUTION, ETC.
Place of publication, distribution, etc. თბილისი
260 ## - PUBLICATION, DISTRIBUTION, ETC.
Name of publisher, distributor, etc. განათლებ
260 ## - PUBLICATION, DISTRIBUTION, ETC.
Date of publication, distribution, etc. 1990
300 ## - PHYSICAL DESCRIPTION
Extent 69 გვ. ; 21 სმ
653 ## - INDEX TERM--UNCONTROLLED
Uncontrolled term შუშანიკის წამება
942 ## - ADDED ENTRY ELEMENTS (KOHA)
Koha item type წიგნი
ეგზემპლარები
Withdrawn status Lost status Damaged status Not for loan Date acquired Barcode Date last seen Price effective from Koha item type
        2018-12-17 38685 2018-12-17 2018-12-17 წიგნი
        2018-12-17 38686 2018-12-17 2018-12-17 წიგნი
        2018-12-17 38687 2018-12-17 2018-12-17 წიგნი